[Event "FIDE-Wch k.o."]
[Site "New Delhi/Teheran"]
[Date "2000.12.04"]
[Round "3.2"]
[White "Topalov, Veselin"]
[Black "Georgiev, Kiril"]
[Result "1/2-1/2"]
[WhiteElo "2707"]
[BlackElo "2661"]
[Annotator "Tsesarsky,I"]
[PlyCount "72"]
[EventDate "2000.11.27"]
[EventType "k.o."]
[EventRounds "7"]
[EventCountry "IND"]
[SourceTitle "CBM 081"]
[Source "ChessBase"]
[SourceDate "2001.03.20"]
[SourceVersion "1"]
[SourceVersionDate "2001.03.20"]
[SourceQuality "1"]

1. Nf3 Nf6 2. c4 g6 3. Nc3 Bg7 4. e4 O-O 5. d4 d6 6. Be2 e5 7. O-O Na6 8. Be3
c6 9. d5 Ng4 10. Bg5 f6 11. Bh4 c5 {This variation gives to White space
advantage +/=.} 12. Ne1 (12. Nd2 {-another mainline}) 12... h5 (12... Nh6 13.
Nd3 Qe8 (13... Nf7 14. Bg4 h5 15. Bxc8 Rxc8 16. f4 $14 {1-0 Ostenstad,
B-Kozakov,M/Arnold mem, Gausdal NOR 1997 (41)}) 14. f3 {-see commented game
1-0 Gelfand,B-Sutovskij,E/Tilburg 1996/CBM 56 (61)[Gelfand,B]}) 13. h3 (13. a3
Qe7 14. Rb1 b6 15. b4 {-see commented game 1/2-1/2 Gelfand,B-Topalov,V/
Dortmund 1997/CBM 60 (43)[Huzman,A]}) (13. Nd3 Nh6 (13... Bd7 14. h3 Nh6 15. a3
Nf7 (15... g5 16. Bg3 g4 17. hxg4 Nxg4 18. Bh4 $14 {1-0 Antic,D-Arsovic,Z/It,
Jagodina YUG 1998(41)}) 16. Rb1 b6 17. b4 $14 {1-0 Ostojic,N-Arsovic,Z/It,
Jagodina YUG 1998 (60)}) 14. h3 (14. f3 Nf7 15. a3 Bd7 16. b4 b6 $14 {1-0
Vujic Katanic,B-Todorovic,V/Kragujevac YUG 2000/The Week in Chess 320 (69)} (
16... cxb4 $6 17. axb4 Nxb4 18. Nxb4 Qb6+ 19. Bf2 Qxb4 20. Qc2 $18 {[%csl Rb4]}
)) 14... Qe7 15. f4 g5 16. fxg5 fxg5 17. Rxf8+ Bxf8 18. Be1 $14 {1-0 Hillarp
Persson,T-Bekker Jensen,D/Politiken Cup, Copenhagen DEN 1998 (69)}) 13... Nh6
14. a3 Nf7 (14... Bd7 15. Nd3 Rc8 16. Bg3 Nf7 17. f4 exf4 18. Nxf4 Ne5 (18...
Kh7 19. Nxg6 $1 $16 {1-0 Maksimenko,A-Kozakov,M/Werther GER 1999 (43)}) 19. Nb5
$14) 15. Nd3 Bh6 {[%cal Gh6c1] Good place for dark-colour B, but c1-h6
diagonal is empty.} (15... Bd7 16. b4 b6 17. Rb1 Qe7 18. Qc2 Bh6 19. Rbe1 Rac8
20. b5 $14 {0-1 Van Wely,L-Piket,J/FIDE WCh KO, Groningen NED (3.4) 1997 (52)})
16. b4 (16. Bg3 Qe7 17. f4 exf4 18. Bxf4 Bxf4 19. Nxf4 Ne5 20. Qe1 $14 {
0-1 Antic,D-Popovic,P/Vrnjacka Banja YUG 1999 (58)}) 16... Kg7 17. Qc2 Qe7 18.
Qb2 ({Or} 18. bxc5 Nxc5 19. Nxc5 dxc5 20. Bg3 Nd6 $14) 18... Bf4 19. Bg3 $5 (
19. Nxf4 $6 exf4 20. f3 Ne5 21. Bf2 g5 $132 {[%cal Gg5g4] With blockade on
black squares.}) 19... Bxg3 20. fxg3 {[%csl Rg2,Rg3][%cal Gf1f6]} Rb8 21. bxc5
Nxc5 22. Nxc5 dxc5 23. Bd3 $6 $11 {Too passive! Now Black has enough time to
build unapproachable fortress.} ({Right was} 23. a4 $1 b6 (23... a5 24. Qb6 $16
) 24. a5 $14 {without Black counterplay.}) 23... b6 24. a4 {Too late!} a5 $1 {
Of course. Pb6 weakness can't be attacked by White B or N.} 25. Ra3 {[%cal
Ga3b3]} Rd8 {[%cal Gd8d6]} 26. Rb3 {[%csl Rb6][%cal Gb2b6]} Rd6 {[%cal Gd6b6]}
27. Qb1 (27. Nb5 Rd8 $11) 27... Ba6 28. Rf2 {[%csl Rb6][%cal Gf2b2]} Qd8 {
[%csl Gb6]} 29. Rfb2 Kf8 30. Be2 {[%cal Gg3g4]} Nh6 31. Kh2 Kg7 32. Bd3 Nf7 {
Black waiting for White activity, but White can't do nothing.} 33. Be2 Nh6 34.
Bd3 Kh7 35. Kg1 Kg7 36. Kh2 Nf7 1/2-1/2

[Event "Vidmar Memorial 14th"]
[Site "Portoroz"]
[Date "2001.07.08"]
[Round "6"]
[White "Crisan, Alexandru"]
[Black "Gelfand, Boris"]
[Result "0-1"]
[WhiteElo "2635"]
[BlackElo "2714"]
[Annotator "Tsesarsky,I"]
[PlyCount "70"]
[EventDate "2001.07.03"]
[EventType "tourn"]
[EventRounds "9"]
[EventCountry "SLO"]
[EventCategory "14"]
[SourceTitle "CBM 085"]
[Source "ChessBase"]
[SourceDate "2001.11.13"]
[SourceVersion "1"]
[SourceVersionDate "2001.11.13"]
[SourceQuality "1"]

1. d4 Nf6 2. c4 g6 3. Nc3 Bg7 4. e4 d6 5. Nf3 O-O 6. Be2 Na6 7. Be3 e5 8. O-O
Ng4 9. Bg5 Qe8 10. h3 (10. dxe5 {-another mainline.}) 10... h6 11. Bh4 $6 {
Not the best square for B.} (11. Bc1 $142 {another mainline.}) 11... Nf6 12.
dxe5 dxe5 13. a3 (13. Nd2 c6 14. Bg3 (14. Rb1 Nc5 15. b4 Ne6 16. c5 Nf4 17. Nc4
Be6 18. Re1 Rd8 19. Nd6 Qd7 20. Bf1 g5 21. Bg3 N6h5 $132 (21... Ne8 $4 22. Nxb7
$1 $18 (22. Nf5 $4 $11 {1/2-1/2 Sinkovics,P-Le Quang,K/Bagneux 1998/EXT 99 (60)
}))) (14. Re1 Nc5 15. b4 (15. Bg3 $6 a5 $1 16. b3 Qe7 17. Qc2 $132 (17. a3 $2
Rd8 $17 {[%csl Rb3,Rd2,Re4][%cal Gc5b3,Gd8d2]} 18. Ra2 (18. Qc2 Rxd2 19. Qxd2
Nxb3 $17) 18... Ncxe4 $19 {0-1 De Peyer,N-Abdul,M/Dubai 2000/EXT 2001 (41)}))
15... Ne6 $132) 14... Nh7 15. a3 Nc5 16. b4 Ne6 17. c5 Qe7 18. Nc4 Rd8 19. Qb1
Nf4 20. Rd1 Be6 21. Qc2 h5 $132 {1/2-1/2 Chekhov,V-Yurtaev,L/Riga 1988/EXT 99 
(54)}) (13. Qd2 Nh5 (13... Kh7 14. Rad1 Nh5 15. Rfe1 Nc5 16. Bf1 Ne6 17. b4 c6
18. Qe3 g5 19. Bg3 Nhf4 $132 {1-0 Mueller,S-Doeres,H/Wildflecken 1993/EXT 2001
(42)}) 14. Nd5 c6 (14... Kh7 15. Be7 Rg8 16. Ba3 Be6 17. Nh2 Nf6 18. Nxf6+ Bxf6
19. b4 Qe7 $132 {1/2-1/2 Zivanic,M-Pinter,G/Budapest HUN 2000/The Week in
Chess 318 (39)}) 15. Ne7+ Kh7 16. Nxc8 Rxc8 17. Rfd1 Nc5 18. Qe3 b6 19. Qa3 Ra8
20. Ne1 Nf4 21. Bf3 f5 (21... Nce6 $132 {[%cal Ge6d4]}) 22. b4 fxe4 23. Bg4
Ncd3 $17 {1-0 Engqvist,T-Bogo,S/Gausdal 1990/TD (42)}) (13. Nd5 $6 {The most
popular move in this position. White wins exchange for P, but as practice
shows, Black has more than sufficient counterplay:} Nxe4 $1 (13... Nxd5 $6 14.
cxd5 $14) 14. Be7 c6 15. Bxf8 Qxf8 16. Ne3 f5 17. Qc2 (17. a3 Nac5 18. Re1 (18.
Qc2 Ne6 19. Rfd1 Nxf2 $1 20. Kxf2 e4 21. Nd2 (21. Nh2 Nd4 22. Rxd4 Bxd4 23. c5
Kh7 24. Qd2 Bxc5 $17 {0-1 Hebert,J-Dzindzichashvili,R/Philadelphia 1996/EXT
2001 (39)}) 21... Nd4 22. Qb1 f4 $1 (22... Qd6 $2 {[%cal Gd6f4]} 23. Ndf1 Qf4+
24. Ke1 Be5 $13 {[%cal Gf4h4]}) 23. Nxe4 fxe3+ 24. Kxe3 Nxe2 25. Kxe2 Bf5 $19)
18... f4 19. Ng4 Bf5 20. Bf1 Re8 21. Nh4 Rd8 22. Qf3 Nd2 23. Qc3 e4 24. Qb4
Ndb3 25. Rad1 Bd4 (25... Bxg4 26. hxg4 Bd4 $19) 26. Rxd4 Rxd4 $19 {1-0
Sokolovs,A-Wall,T/Cappelle la Grande 1992/EXT 97 (39)}) (17. Bd3 Nec5 18. Be2
e4 19. Nh4 Qf6 20. g3 f4 21. Ng4 Bxg4 22. Bxg4 h5 23. Bxh5 gxh5 24. Qxh5 Ne6 (
24... Nd3 $5 $15) 25. Rae1 Ng5 $15 {1/2-1/2 Kandyba,L-Khamatgaleev,A/Briansk
1995/EXT 98 (79)}) 17... Nec5 18. a3 e4 19. Nd2 f4 20. Nxe4 fxe3 21. Nxc5 Nxc5
22. Qxg6 Bf5 23. Qg3 exf2+ 24. Qxf2 Bg6 $15 {1/2-1/2 Schleifer,M-Southam,T/
Ontario 1992/EXT 98 (42)}) (13. Bxf6 Bxf6 14. a3 (14. Nd5 Bd8 15. c5 Nxc5 16.
Qc1 Ne6 17. Qxh6 c6 18. Ne3 Nd4 19. Bc4 Be6 (19... Nxf3+ 20. gxf3 Be6 $15) 20.
Bxe6 Nxf3+ 21. gxf3 Qxe6 $15 {1/2-1/2 Lomineishvili,M-Mandel,A/Germany 2000/
CBM 75 ext (58)}) 14... Nc5 15. b4 Ne6 16. c5 c6 17. Nd2 b6 18. Nc4 bxc5 19.
bxc5 Qe7 20. Qd6 Nxc5 21. Rfd1 Be6 22. Na5 Rac8 $15 {1/2-1/2 Dekker,A-Neumann,
P/Trinec 1999/EXT 2000 (44)}) 13... Nc5 {[%csl Re4][%cal Gc5e4,Gf6e4]} (13...
Nh5 14. Nd2 Nf4 15. Nd5 (15. b4 Be6 16. Nb3 c6 17. Na5 b6 18. Nb3 f6 19. c5
Nxe2+ 20. Nxe2 Qf7 21. Nec1 bxc5 22. Nxc5 Nxc5 23. bxc5 Rfd8 $17 {0-1
Spassibin,P-De Gleria,F/Hiddenhausen 1997/EXT 2001 (25)}) 15... g5 16. Bg3 c6
17. Ne3 Nc5 18. b4 Nce6 19. Nf5 Nxe2+ 20. Qxe2 Nf4 21. Bxf4 exf4 22. Nxg7 Kxg7
23. c5 Be6 24. Rfe1 Rd8 $11 {1/2-1/2 Carlstrom,N-Trygstad,K/Hallsberg 1996/EXT
2001 (77)}) 14. Qc2 $5 ({Worth ot attention} 14. Nd2 Ne6 15. b4 Nf4 $132) 14...
Ne6 15. Bxf6 $1 ({Another continuations are in Black's favour:} 15. Rfd1 Nh5
16. b4 (16. Nd5 g5 17. Nxg5 hxg5 18. Bxg5 {[%csl Rf8,Rh5][%cal Ge2g5,Gg5e7]}
Nhf4 19. Be7 Nd4 20. Rxd4 exd4 21. Bxf8 Nxe2+ 22. Qxe2 Qxf8 23. Nxc7 Rb8 $15)
16... g5 17. Bg3 Nxg3 18. fxg3 Nd4 $15) 15... Bxf6 16. Rfe1 c6 17. Bf1 Qe7 18.
Ne2 $1 {[%cal Ge2d4] preventing Ne6-d4.} (18. b4 $6 Nd4 $15) 18... h5 19. b4
Bg7 20. c5 f5 {Black opens space for his pair of BB.} 21. Rad1 (21. exf5 $6
gxf5 $15) 21... f4 (21... fxe4 $2 $16 22. Qxe4 Qf7 23. Qc2 {[%cal Ge2g3]} Qf5 (
23... Nc7 24. Ng3 Bxh3 25. Nxe5 Bxe5 26. Rxe5 Bg4 27. Rd6 $18 {[%csl Rg6][%cal
Gd6g6,Gc2g6,Gf1d3]}) 24. Qxf5 gxf5 25. Ng3 e4 26. Bc4 exf3 27. Nxh5 fxg2 28.
Nf4 $16) 22. Rd6 g5 23. Nh2 g4 $2 $16 {This move is serious mistake. Maybe B.
Gelfand undervalued white NN manoeuvres with penetration into key-square f5.} (
{Right was} 23... a5 24. Red1 axb4 25. axb4 Kh8 $132) 24. Qb3 $4 $17 ({Why not
simply to capture the P?} 24. hxg4 hxg4 25. Nxg4 {Here Black has a couple of
ways to increase his initiative, but White in all of variations leaves with
serious advantage, for example:} Ng5 (25... f3 26. Ng3 {[%cal Gg3f5]} Nd4 (
26... fxg2 27. Bc4 Kh8 28. Bxe6 Bxe6 29. Ne3 $16 {[%cal Ge3f5,Gg3f5]}) 27. Qc4+
Kh8 (27... Be6 28. Nf5 $1 {[%csl Gf5]} Qe8 29. Rxe6 Nxe6 30. Qb3 {[%cal Gf1c4]}
Kh7 31. Qxf3 $16) 28. Ne3 {[%cal Ge3f5,Gg3f5]} Be6 29. Qc1 a5 30. Bc4 Bxc4 31.
Qxc4 b5 32. Qf1 axb4 33. axb4 Ra2 34. Nef5 $16) (25... Qg5 26. f3 Nd4 (26...
Nc7 27. Nf2 Nb5 28. Rd3 Be6 29. a4 Nc7 30. Red1 Rf6 31. Qd2 Kh7 32. Rd8 $16)
27. Nxd4 exd4 (27... Bxg4 28. Qb3+ Kh7 29. fxg4 exd4 30. Qh3+ $18) 28. Bc4+ Kh8
29. Be6 $16) (25... Nxc5 26. Qxc5 Bxg4 27. Rxc6 $1) 26. Nh2 $16 {[%csl Ge4]
[%cal Gc2e4,Gg5e4] Here Pe4 is protected by Qc2}) 24... Kh8 25. hxg4 hxg4 26.
Nxg4 Ng5 {[%csl Re4,Rg4]} 27. Nh2 Nxe4 {Without Pe4 Black's attack grows from
itself:} 28. Rdd1 Qh4 29. Qf3 Ng5 30. Qb3 $2 $19 ({More stubborn was} 30. Qc3
e4 31. Qc2 Bf5 32. Nd4 Bh7 $17 {[%csl Rg1][%cal Gf8f6,Gf6h6]}) 30... Be6 31.
Qc2 (31. Qc3 Rf6 32. Qxe5 Nh3+ $19) 31... Rf6 32. g3 Qh5 33. Nc3 Rh6 34. f3
fxg3 35. Rxe5 Nxf3+ 0-1

[Event "CHN-RUS Summit Men 1st"]
[Site "Shanghai"]
[Date "2001.09.10"]
[Round "4"]
[White "Xu, Jun"]
[Black "Motylev, Alexander"]
[Result "1-0"]
[WhiteElo "2646"]
[BlackElo "2627"]
[Annotator "Tsesarsky,I"]
[PlyCount "66"]
[EventDate "2001.09.07"]
[EventType "schev"]
[EventRounds "6"]
[EventCountry "CHN"]
[SourceTitle "CBM 085"]
[Source "ChessBase"]
[SourceDate "2001.11.13"]
[SourceVersion "1"]
[SourceVersionDate "2001.11.13"]
[SourceQuality "1"]

1. c4 g6 2. d4 Nf6 3. Nc3 Bg7 4. e4 d6 5. Nf3 O-O 6. Be2 e5 7. Be3 Na6 8. O-O
Ng4 9. Bg5 Qe8 10. dxe5 dxe5 11. h3 f6 12. Bd2 Nh6 13. Be3 c6 14. c5 Nf7 $2 ({
Right was} 14... Nc7 $1 {avoiding next strong capture.}) 15. Bxa6 $1 $16 {
Very strong novelty that brings to White serious advantage.} ({Opening review
and detailed commentaries you can find in the game from previous CBM-84:} 15.
Qa4 Nc7 16. b4 $14 {1/2-1/2 Gershon,A-Piket,J/Ohrid 2001/CBM 84_01 (52) - 
[Tsesarsky,I]}) 15... bxa6 {[%csl Ra6,Ra7,Rc6]} 16. Qa4 f5 {Black hasn't
alternative active counterplay way. He had to open space for his pair of BB.} (
{Another way was to play passively:} 16... Rb8 17. b3 Qe6 18. Rfd1 Bb7 (18...
f5 19. exf5 gxf5 20. Ng5 $1 Nxg5 21. Bxg5 $16 {[%csl Rd6][%cal Gd1d6]}) 19. Rd2
{[%cal Ga1d1]} Rfd8 20. Rad1 Rxd2 21. Rxd2 $16 {[%csl Ra6,Ra7,Rb7,Rc6] Black
avoided f6-f5 promotion that seriously weakens kingside. But position of Black
is very passive.}) 17. exf5 gxf5 (17... Bxf5 18. Qxa6 $16) 18. Rfe1 $1 {
[%cal Ge1e8] Re1 is quite unpleasant for Qe8.} Kh8 19. Rad1 Rg8 {[%cal Gg8g2]}
20. Qh4 $1 {Preventing Black activity on the kingside.} Be6 {White changes
pair of NN with further weakening black K fortress.} 21. Ng5 $1 {[%csl Rd6]
[%cal Gg5f7,Gd1d6,Gf7d6] White forces NN exchange and prepares Rd1-d6
penetration.} Nxg5 $8 22. Bxg5 Qg6 23. Rd6 {[%csl Rc6,Re6][%cal Gd6g6]} Rac8
24. Ne2 {[%cal Ge2g3,Gg3h5]} Rge8 25. Ng3 e4 $2 $18 {After this pseudo
activity White wins by force.} ({More stubborn was} 25... h6 $1 26. Be7 $1 ({
Intereating but unsufficient is} 26. Bxh6 $5 Qxh6 $1 (26... Bxh6 $2 27. Nxf5 $1
Qxf5 28. Qxh6+ Kg8 29. Re3 $18) 27. Qxh6+ Bxh6 28. Rxe5 Bf4 29. Rexe6 Bxd6 30.
Rh6+ $1 (30. Rxd6 Re5 $132) 30... Kg8 31. cxd6 Re5 $14) 26... Qf7 27. Bd8 Kh7
28. Ba5 (28. Nh5 $2 Rexd8 29. Rxd8 Rxd8 30. Nxg7 Rd4 $17) 28... Bxa2 29. Bc3
Bd5 30. Nh5 $16 {[%csl Rg7,Rh7][%cal Gf2f4,Gc3g7]}) 26. Nh5 Bxb2 ({Or} 26...
Bh6 27. Bxh6 Qxh6 28. f3 $18 {[%csl Re4,Re6,Rh8]}) 27. Bf6+ Bxf6 28. Nxf6 {
[%csl Re6,Re8][%cal Gf6e8,Gd6e6]} Re7 29. Nxe4 $1 fxe4 (29... Rce8 30. Ng5 Kg7
31. Rxc6 $18) 30. Qxe7 Rg8 31. g3 e3 32. Rxe3 Qb1+ 33. Kg2 Bxh3+ (33... Bxh3+
34. Kh2 $18) 1-0